Xác định mức sẵn lòng trả đề bảo tồn Rùa biển và phát triển du lịch tại huyện Côn Đảo, tỉnh Bà Rịa - Vũng tàu : Luận văn thạc sĩ - Chuyên ngành: Quản lý tài nguyên và môi trường

Zapisane w:
Opis bibliograficzny
1. autor: Đoàn, Tấn Dương
Format: Luận văn
Język:Undetermined
Wydane: Trường Đại học Công nghiệp Tp. Hồ Chí Minh 2017
Hasła przedmiotowe:
Etykiety: Dodaj etykietę
Nie ma etykietki, Dołącz pierwszą etykiete!
Thư viện lưu trữ: Trung tâm Thư viện - Trường Đại học Công nghiệp TP. Hồ Chí Minh
LEADER 00813nam a2200157Ia 4500
001 UIH_01168
008 230809s9999 xx 000 0 und d
082 |a 628 
100 |a Đoàn, Tấn Dương 
245 0 |a Xác định mức sẵn lòng trả đề bảo tồn Rùa biển và phát triển du lịch tại huyện Côn Đảo, tỉnh Bà Rịa - Vũng tàu : Luận văn thạc sĩ - Chuyên ngành: Quản lý tài nguyên và môi trường 
245 0 |c Đoàn, Tấn Dương 
260 |b Trường Đại học Công nghiệp Tp. Hồ Chí Minh 
260 |c 2017 
650 |a Quản lý môi trường;Du lịch sinh thái; 
927 |a Luận văn 
980 |a Trung tâm Thư viện - Trường Đại học Công nghiệp TP. Hồ Chí Minh